000 00962nam a22002897a 4500
001 7843
003 FISKH
005 20250812080954.0
008 250812b cb ||||| |||| 00| 0 eng d
040 _aFISKH
_beng
_cFISKH
_dFISKH
050 _aPZ7.G759 W
082 _a823.8
100 _aGrahame, Kenneth
_d(1859–1932)
245 _aThe wind in the willows /
_cKenneth Grahame ; Adapted by Lesley Sims ; Illustrated by Mauro Evangelisa
250 _aThis edition first published in 2007
260 _aLondon :
_bUsborne,
_c2007
300 _a64 pages :
_bcolor illustrations ;
_c20 cm
505 _aP
520 _aThe escapades of four animal friends who live along a river in the English countryside--Toad, Mole, Rat, and Badger.
521 8 _a640
_bLexile
521 8 _aP
_bRaz-Plus
650 _2Animals
_aFantasy
650 _2Literature
_aClassics
700 _aEvangelisa, Mauro
_dillustrator
942 _2ddc
_cBK
_n0
999 _c7843
_d7843